AUTOBIOGRAPHY OF AN UNKNOWN INDIAN (Record no. 32037)

MARC details
000 -LEADER
fixed length control field 00295nam a22001337a 4500
003 - CONTROL NUMBER IDENTIFIER
control field SGT
020 ## - INTERNATIONAL STANDARD BOOK NUMBER
International Standard Book Number 8172242873
082 ## - DEWEY DECIMAL CLASSIFICATION NUMBER
Classification number 920
Item number A64C
100 ## - MAIN ENTRY--PERSONAL NAME
Personal name CHAUDHURI, NIRAD C.
245 ## - TITLE STATEMENT
Title AUTOBIOGRAPHY OF AN UNKNOWN INDIAN
260 ## - PUBLICATION, DISTRIBUTION, ETC. (IMPRINT)
Name of publisher, distributor, etc JAICO PUBLISHING
Year of Publication 1964
300 ## - PAGE DESCRIPTION
No. of Pages 610
942 ## - ADDED ENTRY ELEMENTS (KOHA)
Source of classification or shelving scheme Dewey Decimal Classification
Koha item type Books
Holdings
Withdrawn status Lost status Source of classification or shelving scheme Damaged status Not for loan Home library Current library Shelving location Date acquired SGTU Total Checkouts Full call number Accession No. (Barcode) Date last seen Bill Date Koha item type
    Dewey Decimal Classification   Not For Loan SGT Chancellor's Library SGT Chancellor's Library Reference Book 05/07/2025 SGTU   920 A64C CH4058 05/07/2025 05/07/2025 Books